000 00344nam a2200145Ia 4500
008 230917s9999||||xx |||||||||||||| ||und||
040 _e100536
_aMAIN
041 _aEnglish
082 _a658.3 S15G
100 _aSadri, S
245 0 _aGeometry of HR
260 _aMumbai
_bHimalaya Publishing House
_c2002
300 _a888 p.
942 _cBK
999 _c121814
_d121814